000 00336nam a2200097Ia 4500
008 220120s9999||||xx |||||||||||||| ||und||
100 _aGethan cariappa, monish, Muhammed Siraje, Pranutha
_912797
245 0 _aPolymer modified concrete
260 _aCoorg Institute of Technology
_bPonnampet
_c2019
650 _aELECTRONICS AND COMMUNICATIONS
999 _c138397
_d138397